Talkin' the Talk Quiz Stats

 Plays Quiz Updated Mar 19, 2019

Score 0/15 Timer 03:00
38 Plays Today
% Correct
Muhammad Ali
77.1%
Joe Namath
77.1%
Larry Bird
69.9%
Mark Messier
64.7%
Floyd Mayweather Jr.
63.7%
Mike Tyson
62.2%
Patrick Roy
59.2%
Steve Spurrier
57.7%
% Correct
Bo Jackson
56.8%
Kobe Bryant
56.3%
Lebron James
54.1%
Charles Barkley
50%
Hollywood Henderson
47.1%
Scottie Pippen
45.9%
Pat Riley
31.5%

You're not logged in!

Compare scores with friends on all Sporcle quizzes.
OR
Log In

You Might Also Like...

Show Comments

Extras

Top Quizzes Today


Score Distribution

Your Account Isn't Verified!

In order to create a playlist on Sporcle, you need to verify the email address you used during registration. Go to your Sporcle Settings to finish the process.

Report this User

Report this user for behavior that violates our Community Guidelines.

Details: